Курс физики: учебное пособие

Bibliografiske detaljer
Hovedforfatter: Айзенцон А. Е. Александр Ефимович
Summary:В книге дано ясное и цельное представление о физике как о современной развивающейся науке, которая служит фундаментальной базой инженерных дисциплин и способствует формированию мировоззрения. В настоящем, переработанном и дополненном, издании сохранены достоинства предыдущего: живой язык, опора на реальные познавательные возможности студентов, установленные многолетней практикой (минимум математического аппарата, акцент на физический смысл и наглядность), реализация принципов развивающего и проблемного обучения (диалоговый характер изложения, множество «рассыпанных» по тексту вопросов и задач из области техники, гуманитарные включения). Учтены требования и дидактические единицы действующего образовательного стандарта. Для студентов высших технических учебных заведений.
Sprog:russisk
Udgivet: Москва, Высшая школа, 2009
Udgivelse:2-е изд., перераб. и доп.
Serier:Для высших учебных заведений
Физика
Fag:
Format: MixedMaterials Bog
KOHA link:https://koha.lib.tpu.ru/cgi-bin/koha/opac-detail.pl?biblionumber=155343

MARC

LEADER 00000nam0a2200000 4500
001 155343
005 20231101221830.0
010 |a 9785060048735  |b (в пер.)  |b 3000 экз. 
021 |a RU  |b 09-10944  |9 09-643 
035 |a (RuTPU)RU\TPU\book\168515 
090 |a 155343 
100 |a 20090330d2009 m y0rusy5002 ca 
101 0 |a rus 
102 |a RU 
105 |a a j 000zy 
200 1 |a Курс физики  |e учебное пособие   |f А. Е. Айзенцон 
205 |a 2-е изд., перераб. и доп. 
210 |a Москва  |c Высшая школа  |d 2009 
215 |a 373, [1] с.  |c ил. 
225 1 |a Для высших учебных заведений 
225 1 |a Физика 
330 |a В книге дано ясное и цельное представление о физике как о современной развивающейся науке, которая служит фундаментальной базой инженерных дисциплин и способствует формированию мировоззрения. В настоящем, переработанном и дополненном, издании сохранены достоинства предыдущего: живой язык, опора на реальные познавательные возможности студентов, установленные многолетней практикой (минимум математического аппарата, акцент на физический смысл и наглядность), реализация принципов развивающего и проблемного обучения (диалоговый характер изложения, множество «рассыпанных» по тексту вопросов и задач из области техники, гуманитарные включения). Учтены требования и дидактические единицы действующего образовательного стандарта. Для студентов высших технических учебных заведений. 
451 1 |0 (RuTPU)RU\TPU\book\2070  |y 5060030814  |t Курс физики  |o учебное пособие для вузов  |f А. Е. Айзенцон  |c М.  |n Высшая школа  |d 1996  |p 462 с.  |a Айзенцон, Александр Ефимович 
606 1 |a Физика  |2 stltpush  |3 (RuTPU)RU\TPU\subj\63709  |9 80688 
610 1 |a механика 
610 1 |a материальная точка 
610 1 |a кинематика 
610 1 |a динамика 
610 1 |a работа 
610 1 |a энергия 
610 1 |a твердые тела 
610 1 |a жидкости 
610 1 |a газы 
610 1 |a молекулярная физика 
610 1 |a термодинамика 
610 1 |a электродинамика 
610 1 |a электростатика 
610 1 |a электромагнетизм 
610 1 |a электромагнитная индукция 
610 1 |a колебания 
610 1 |a волны 
610 1 |a молекулярная оптика 
610 1 |a квантовая физика 
610 1 |a корпускулярно-волновой дуализм 
610 1 |a атомы 
610 1 |a атомное ядро 
610 1 |a учебные пособия 
675 |a 53(075.8)  |v 3 
700 1 |a Айзенцон  |b А. Е.  |g Александр Ефимович  |4 070 
801 1 |a RU  |b 63413507  |c 20090313  |g PSBO 
801 2 |a RU  |b 63413507  |c 20150513  |g PSBO 
900 |a Физика 
942 |c BK 
952 |a 550000 
959 |a 36/20090313  |d 12  |e 484,00  |f АНЛ:1  |f ЧЗТЛ:1  |f УФ:10